Normal view
MARC view
- McCarthy J
Entry Personal Name
001 - CONTROL NUMBER
- control field: 109095
003 - CONTROL NUMBER IDENTIFIER
- control field: OSt
005 - DATE AND TIME OF LATEST TRANSACTION
- control field: 20230125043429.0
008 - FIXED-LENGTH DATA ELEMENTS
- fixed length control field: 230125|| aca||aabn | a|a d
040 ## - CATALOGING SOURCE
- Original cataloging agency: OSt
- Transcribing agency: OSt
100 ## - HEADING--PERSONAL NAME
- Personal name: McCarthy J
670 ## - SOURCE DATA FOUND
- Source citation: Work cat.: (OSt)85812: McCarthy J, Dynamics of software development, 2001